00540nam a22001577a 4500020000800000040001600008082001300024100002800037245006600065250002500131260006300156300003700219942001200256999001900268952009500287 qPB. cFIZZA ISHAQ a612bMAR aMarieb, Elaine.9133806 aEssentials of Human Anatomy and Physiology /c Elaine Marieb. aIllustrated, 4th ED. aNew York:bBenjamin/Cummings Publishing Company,Incc1194. a216 P. ;c10.88 x 8.63 x 0.78 in 2ddccBK c616774d616774 00102ddc4070aNQCbNQCcGENd2026-04-01l0o612 MARpQD-365r2026-04-01w2026-04-01yBK